| 000 | 00723nam a2200181Ia 4500 | ||
|---|---|---|---|
| 008 | 100921s9999 xx 000 0 und d | ||
| 082 |
_b39518 _a550 न 04 |
||
| 100 | _aपवार किशोर.पवार नलिनी. | ||
| 245 | _aवायुप्रदूषण. | ||
| 260 |
_bमेहता प्रकाशन, पुणे. _c2004 |
||
| 300 |
_a177 _bकलाभारती वितरण,पुणे |
||
| 365 | _b150 | ||
| 520 | _aविज्ञान-भौमिक शास्त्रे. | ||
| 630 | _aवायुप्रदूषण. | ||
| 650 | _aविज्ञान-भौमिक शास्त्रे. | ||
| 730 | _aवायुप्रदूषण. | ||
| 942 | _cBOOK | ||
| 999 |
_c788631 _d788628 |
||